000 00915cam a2200313 a 4500
001 1725
003 BD-RjUL
005 20211208233410.0
008 131208s1953 nyua s 001 0 eng
029 1 _aUKM
_bb5402730
035 _a(OCoLC)ocm00710639
035 _a(BD-RjUL)1752
035 _a(NNC)1515366
040 _aDLC
_cDLC
_dUKM
_dBD-RjUL
_beng
041 _aeng
082 0 0 _a519.54
_216
_bWAS 1953
100 1 _aWalker, Helen M.
_q(Helen Mary),
_d1891-1983.
_95711
245 1 0 _aStatistical inference /
_c[by] Helen M. Walker [and] Joseph Lev.
260 _aNew York :
_bHolt,
_cc1953
300 _a510 p. :
_billus. ;
_c25 cm.
504 _aIncludes index.
650 0 _aMathematical statistics.
_95712
650 0 _aPopulation
_vStatistics.
_95713
700 1 _aLev, Joseph,
_d1903-1988,
_eauthor.
_95714
942 _2ddc
_cBK
999 _c1725
_d1725